Gaming Quiz

Random Gaming or City Quiz

Midnight Club Cities Quiz Stats

 Plays Quiz not verified by Sporcle

Challenge
Share
Tweet
Embed
Score 0/8 Timer 03:00
0 Plays Today
% Correct
Los Angeles
91%
Tokyo
79.9%
New York
78.5%
Detroit
72.9%
San Diego
68.1%
Atlanta
68.1%
London
66%
Paris
66%

You're not logged in!

Compare scores with friends on all Sporcle quizzes.
Join for Free
OR
Log In

You Might Also Like...

Show Comments

Extras

Top Quizzes Today


Score Distribution

Your Account Isn't Verified!

In order to create a playlist on Sporcle, you need to verify the email address you used during registration. Go to your Sporcle Settings to finish the process.

Report this User

Report this user for behavior that violates our Community Guidelines.

Details: